Golden path to farming (Record no. 70289)

MARC details
000 -LEADER
fixed length control field 00817cam a2200205 4500
001 - CONTROL NUMBER
control field WB3819-27
008 - FIXED-LENGTH DATA ELEMENTS--GENERAL INFORMATION
fixed length control field 020520n2002 000 0 eng u
035 ## - SYSTEM CONTROL NUMBER
System control number (Sirsi) u118046
245 ## - TITLE STATEMENT
Title Golden path to farming
260 ## - PUBLICATION, DISTRIBUTION, ETC.
Date of publication, distribution, etc. 2002
490 ## - SERIES STATEMENT
Series statement RICS Press Release
Volume/sequential designation (pro58) 17 May 2002, (2)
520 ## - SUMMARY, ETC.
Summary, etc. RICS argues that 'golden hellos' should be introduced to attract young people into farming. 'Golden handshakes' help those wanting to leave farming, and the 'golden hello' would provide a financial incentive to encourage new blood into the industry. http://www.rics.org/ricscms/bin/show?class=PressRelease&template=/includes/showpr.html&id=736
590 ## - LOCAL NOTE (RLIN)
Local note WB
650 ## - SUBJECT ADDED ENTRY--TOPICAL TERM
Topical term or geographic name entry element FINANCIAL INCENTIVES
650 ## - SUBJECT ADDED ENTRY--TOPICAL TERM
Topical term or geographic name entry element FARMERS
650 ## - SUBJECT ADDED ENTRY--TOPICAL TERM
Topical term or geographic name entry element FARMING
650 ## - SUBJECT ADDED ENTRY--TOPICAL TERM
Topical term or geographic name entry element RICS
690 ## - LOCAL SUBJECT ADDED ENTRY--TOPICAL TERM (OCLC, RLIN)
Topical term or geographic name as entry element Rural
9 (RLIN) 6268
942 ## - ADDED ENTRY ELEMENTS (KOHA)
Suppress in OPAC 0
Holdings
Withdrawn status Lost status Source of classification or shelving scheme Damaged status Not for loan Home library Current library Shelving location Date acquired Total Checkouts Full call number Barcode Date last seen Copy number Price effective from Koha item type
    Dewey Decimal Classification     London London News article 20/05/2002   WB3819-27 118046-1001 06/08/2019 1 06/08/2019 News article